| 000 | 00597nam a2200217Ia 4500 | ||
|---|---|---|---|
| 003 | OSt | ||
| 005 | 20220925221422.0 | ||
| 006 | a|||||r|||| 00| 0 | ||
| 007 | ta | ||
| 008 | 220923b |||||||| |||| 00| 0 eng d | ||
| 037 | _cGeneral Book | ||
| 040 |
_aRTL _cRTL _beng |
||
| 041 |
_2eng _aeng |
||
| 082 | _aY5, K3;6/TD3 | ||
| 100 |
_aBergel Egon Ernest _9136166 |
||
| 245 | 0 | _aSocial stratification. | |
| 260 |
_aLondon _bMcGraw-Hill book company _c1962 |
||
| 300 |
_axii,462p. _ccm. |
||
| 942 |
_hY5, K3;6/TD3 _cGB _2CC |
||
| 999 |
_c574295 _d574295 |
||